000 00685nam a2200265Ia 4500
001 Para_6081
003 CHAP
008 220125s1962 xx 000 0 und d
010 _a204861
040 _cCHAP
082 _aPA 589.2 A54 1962
100 _aAlexopoulos, Constantine John
_93843
245 _aIntroductory mycology /
_c by Constantine John Alexopoulos
250 _a2
260 _aNueva Delhi :
_b Wiley Eastern
300 _a613 p.
650 _aMicologĂ­a
_975476
901 _aPA 589.2 A54 1962
902 _aA
905 _a0000001962 a 0000000000 00
910 _a1962
942 _cPARA
942 _cPARA
_d1
999 _c204861
_d204861